Дело о циркулярном предписании доставлять в Департамент народного просвещения списки воспитанников, окончивших гимназии с правом...

Доступно только в Электронных читальных залах Найти на картеНа карте
RUSMARC
00004785nmc2a2200000 x 450
001a89532bd-c5f9-4bb6-b0ef-cae2d581b85a
00520151229104300.0
100##$a20150421l18341837k l0rusy0189 ca
1010#$arus
102##$aRU
2001#$aДело о циркулярном предписании доставлять в Департамент народного просвещения списки воспитанников, окончивших гимназии с правом на получение классного чина
$j31 января 1834 г. - 20 августа 1837 г.
251##$cДело
300##$aДело
300##$aОриг. заголовок дела: Дело о доставлении в Департамент народного просвещения списков ученикам гимназии, выпущенным с правом на получение классного чина, и о том, чтобы таковым ученикам, принадлежащим к податному состоянию или обязанным избрать род жизни, при выпуске не выдавать аттестатов с присвоением упомянутого права прежде, нежели они будут исключены Правительствующим Сенатом из податного состояния, а представлять министерству для исходатайствования им увольнения. 31 января 1834 г. - 9 августа 1835 г
801#0$aRU
$bРГИА
$c20150421
$gRCR
801#1$aRU
$bГлавНИВЦ
$c20150421
$2rusmarc
801#2$aRU
$bПБ им. Б.Н. Ельцина
$c20151229
$gRCR
$2rusmarc
850##$aРГИА
852##$aРГИА
$eФедеральное казенное учреждение "Российский государственный исторический архив" (РГИА)
$j336
937##$hРГИА
$d11462455
$aASBIBLIO_SCAN
462#0$10017ff33d0d-4fb3-4ffd-a38b-3e370d0d7251
$12001
$aОбщие дела 1-го отделения Департамента народного просвещения за 1818-1840 гг.
$1251
$cОпись
$1852
$j87
461#0$1001a74412a3-3cc5-4d21-8f0a-dfe2fbd9e72d
$12001
$aДепартамент народного просвещения Министерства народного просвещения
$1251
$cФонд
$1852
$j733
215##$a37 л.
$d36,5х26 см
371##$aДокумент не является опубликованным и широко распространяемым
105##$ay###
1222#$ad
5171#$aДело о доставлении в Департамент народного просвещения списков ученикам гимназии, выпущенным с правом на получение классного чина, и о том, чтобы таковым ученикам, принадлежащим к податному состоянию или обязанным избрать род жизни, при выпуске не выдавать аттестатов с присвоением упомянутого права прежде, нежели они будут исключены Правительствующим Сенатом из податного состояния, а представлять министерству для исходатайствования им увольнения. 31 января 1834 г. - 9 августа 1835 г
035##$a60e83add-041e-4842-b1a2-60e21d22c40f
Формат отображения